000 00455nam a22001817a 4500
003 LK-CoDNM
005 20250116122401.0
008 250116b |||||||| |||| 00| 0 eng d
040 _aLK-CoDNM
_dLK-CoDNM
_eLK-CoDNM
041 _aeng
080 _a10
_bE25
100 _aGilman Ives Benjamin
245 _aMuseum Ideals
260 _aCambridge
_bThe Riverside press
_c1918
300 _axxii, 434p. : ill , 21 cm
650 _aScience
942 _cBK
999 _c236513
_d236513